00818cam a2200241Li 450000500170000000800410001702000160005802000190007404000500009304100080014310000180015124500560016926000760022530000230030150400530032461000320037765000280040965000310043765000360046865000260050465000280053070000180055820140903175127.0140711s2000 xxu fr 001 0 eng d a0887282768  a9780887282768  aCO-BoUCMbspacJose A. GerenadJose A. Gerena1 aeng1 aHroub, Khaled10aHamasbpolitical thought and practicecKhaled Hroub aWashington D.C. (Estados Unidos)bInstitute for Palestine Studiesc2000 axiv, 329 páginas aIncluye referencias bibliográficas e índices2 aHamasxAspectos políticos 7aConflicto arabe-israeli 7aFundamentalismo islámico 7aIslamismoxAspectos políticos 7aPolítica y gobierno 7aReligión y política1 aHroub, Khaled